=LDR 00000nam 2200000 4500 =001 INLIS000000000025069 =005 20130612123616 =008 ***********************************nd** =035 ##$$0010-061300000025069 =041 ##$$a nd =082 ##$$a 372.8 =090 ##$$a 372.8, Gri b =100 ##$$a Griffiths, Rose =245 ##$$a Bermatimatika sambil bermain, Rose Griffith =260 ##$$a 19990 $b jakarta =300 ##$$a 130 hlm, ilus, 21 cm =650 ##$$a Bermatematika =850 ##$$a NBPNMAT